Fr. Conceicao Rodrigues College of Engineering

International Conference on Personnal wire (Record no. 27143)

MARC details
000 -LEADER
fixed length control field 00323nam a2200145Ia 4500
082 ## - DEWEY DECIMAL CLASSIFICATION NUMBER
Classification number 384.5
Item number BAK
100 ## - MAIN ENTRY--PERSONAL NAME
Personal name Bakir/Qurashi
245 ## - TITLE STATEMENT
Title International Conference on Personnal wire
260 ## - PUBLICATION, DISTRIBUTION, ETC.
Name of publisher, distributor, etc. IEEE
Place of publication, distribution, etc. New Delhi
Date of publication, distribution, etc. 1997
300 ## - PHYSICAL DESCRIPTION
Extent 540
546 ## - LANGUAGE NOTE
Language note ENGLISH
654 ## - SUBJECT ADDED ENTRY--FACETED TOPICAL TERMS
Focus term international
942 ## - ADDED ENTRY ELEMENTS (KOHA)
Koha item type BOOK
Holdings
Withdrawn status Lost status Damaged status Not for loan Collection Home library Current library Date acquired Total Checkouts Full call number Barcode Date last seen Price effective from Koha item type
        CRC Fr. Agnel's C.Rodrigues College of Engineering Fr. Agnel's C.Rodrigues College of Engineering 17/03/2023   384.5 BAK 10219 17/03/2023 17/03/2023 BOOK